ARRUPE JESUIT UNIVERSITY

CORONAVIRUS -STOP THE SPREAD - CLEAN,DISINFECT,COVER
Normal view MARC view

Entry Personal Name

Number of records used in: 1

001 - CONTROL NUMBER

  • control field: 459

003 - CONTROL NUMBER IDENTIFIER

  • control field: ARRUPE

005 - DATE AND TIME OF LATEST TRANSACTION

  • control field: 20130918113459.0

008 - FIXED-LENGTH DATA ELEMENTS

  • fixed length control field: 130918|| aca||aabn | a|a d

040 ## - CATALOGING SOURCE

  • Original cataloging agency: ARRUPE
  • Transcribing agency: ARRUPE

100 ## - HEADING--PERSONAL NAME

  • Personal name: Benjamin, Walter,
  • Dates associated with a name: 1892-1940
  • General subdivision: Philosophy.

670 ## - SOURCE DATA FOUND

  • Source citation: Work cat.: (ARRUPE)0: Buck-Morss, Susan. 456, The dialectics of seeing :, c1989.

 

Arrupe Library. PO Box MP320 Mt Pleasant, Harare, Zimbabwe
263 242 745411|librarian@aju.ac.zw